00802cam a2200265 450000100060000000300080000600500170001400800410003103500190007204000320009104100080012308200250013110000200015624500540017626000520023030000380028235000090032049000240032950400310035365000440038465000360042865000240046465000230048870000250051118074BD-RjUL20211209000232.0140219r19711970enka b 000 0 eng d a(BD-RjUL)18132 aDLCcDLCdDLCdBD-RjULbeng aeng00a398.220942bWAS 1971 a Waldron, R. A.00aSir Gawain and the Green Knight /cR. A. Waldron. aLondon :bEdward Arnold,c1970 [reprinted 1971] axii, 171 p. :b1 illus. ;c20 cm. a30/-0 aYork medieval texts aBibliography: p. [ix]-xii. 0aGawain (Legendary character)vRomances. 0aKnights and knighthoodvPoetry. 0aArthurian romances. 0aRomances, English.1 aWaldron, R. A.,eed.